000 00355nam a2200157Ia 4500
003 OSt
005 20240124122120.0
008 170524s9999 xx 000 0 und d
020 _a9788187972099
040 _cIIMT UNIVERSITY
100 _aGaonkar Ramesh
245 0 _aMICROPRCESSOR
260 _bPeram International
260 _c2010
942 _2ddc
_c02
999 _c5818
_d5818